000
00281nam a2200109Ia 4500
008
200302s9999 xx 000 0 und d
100
_a
Patricia Daniels
245
_a
Understanding Science & Nature Plant Life
260
_b
The Time Inc. Book Co.
260
_c
1993
300
_a
151 P.,
999
_c
1610
_d
1610